| 000 -LEADER |
| fixed length control field |
01220cam a2200349 a 4500 |
| 001 - CONTROL NUMBER |
| control field |
(Sirsi) a947908 |
| 003 - CONTROL NUMBER IDENTIFIER |
| control field |
OSt |
| 005 - DATE AND TIME OF LATEST TRANSACTION |
| control field |
20200107112501.0 |
| 008 - FIXED-LENGTH DATA ELEMENTS--GENERAL INFORMATION |
| fixed length control field |
070503s2007 nyu c 000 1 eng d |
| 020 ## - INTERNATIONAL STANDARD BOOK NUMBER |
| International Standard Book Number |
9780312367541 |
| Qualifying information |
(pbk.) : |
| 020 ## - INTERNATIONAL STANDARD BOOK NUMBER |
| International Standard Book Number |
0312367546 |
| Qualifying information |
(pbk.) |
| 040 ## - CATALOGING SOURCE |
| Original cataloging agency |
NjBwBT |
| Transcribing agency |
NjBwBT |
| Modifying agency |
FCU |
| -- |
TAE |
| 041 0# - LANGUAGE CODE |
| Language code of text/sound track or separate title |
eng |
| 042 ## - AUTHENTICATION CODE |
| Authentication code |
nbic |
| 082 ## - DEWEY DECIMAL CLASSIFICATION NUMBER |
| Classification number |
FIC LEN |
| 100 1# - MAIN ENTRY--PERSONAL NAME |
| Personal name |
L'Engle, Madeleine. |
| Relator term |
author |
| 245 12 - TITLE STATEMENT |
| Title |
A wrinkle in time / |
| Statement of responsibility, etc. |
Madeleine L'Engle. |
| 250 ## - EDITION STATEMENT |
| Edition statement |
1st Square Fish ed. |
| 260 ## - PUBLICATION, DISTRIBUTION, ETC. |
| Place of publication, distribution, etc. |
New York : |
| Name of publisher, distributor, etc. |
Square Fish, |
| Date of publication, distribution, etc. |
c2007. |
| 300 ## - PHYSICAL DESCRIPTION |
| Extent |
245 p. : |
| Dimensions |
20 cm. |
| 440 ## - SERIES STATEMENT/ADDED ENTRY--TITLE |
| Title |
The time quintet ; |
| Number of part/section of a work |
Book 1. |
| 500 ## - GENERAL NOTE |
| General note |
Includes an Appreciation by Anna Quindlen. |
| 500 ## - GENERAL NOTE |
| General note |
"Winner of the 1963 Newbery Medal"--p. 4 of cover. |
| 520 ## - SUMMARY, ETC. |
| Summary, etc. |
Meg Murry and her friends become involved with unearthly strangers and a search for Meg's father, who has disappeared while engaged in secret work for the government. |
| 521 1# - TARGET AUDIENCE NOTE |
| Target audience note |
Ages 10-14. |
| 586 ## - AWARDS NOTE |
| Awards note |
Newbery Medal, 1963. |
| 650 #0 - SUBJECT ADDED ENTRY--TOPICAL TERM |
| Topical term or geographic name entry element |
Science fiction |
| Form subdivision |
Juvenile fiction. |
| 650 #0 - SUBJECT ADDED ENTRY--TOPICAL TERM |
| Topical term or geographic name entry element |
Space and time |
| Form subdivision |
Juvenile fiction. |
| 650 #0 - SUBJECT ADDED ENTRY--TOPICAL TERM |
| Topical term or geographic name entry element |
Gifted children |
| Form subdivision |
Juvenile fiction. |
| 650 #0 - SUBJECT ADDED ENTRY--TOPICAL TERM |
| Topical term or geographic name entry element |
Brothers and sisters |
| Form subdivision |
Fiction. |
| 942 ## - ADDED ENTRY ELEMENTS (KOHA) |
| Source of classification or shelving scheme |
|
| Koha item type |
Books - Fiction |